[Event "Superettan(Orebro-SS 4 Springare)"]
[Site "?"]
[Date "2023.03.10"]
[Round "7"]
[White "Horbing, Stefan"]
[Black "Poley, Vladimir"]
[Result "0-1"]
[WhiteElo "2090"]
[BlackElo "2318"]
[PlyCount "164"]
[SourceVersionDate "2023.03.28"]

1. e4 g6 2. d4 Bg7 3. Nf3 c6 4. Nc3 d5 5. h3 Nh6 6. Be2 O-O 7. O-O f6 8. Re1
Nf7 9. Bf1 e6 10. a4 Nd7 11. a5 Re8 12. b3 Nf8 13. Bb2 Rb8 14. g3 b6 15. axb6
axb6 16. Bg2 Bd7 17. Ra7 Ra8 18. Qa1 Qb8 19. Rxa8 Qxa8 20. Qa4 Qb8 21. Qb4 dxe4
22. Nxe4 f5 23. Ned2 c5 24. Qa3 cxd4 25. Nxd4 Qc7 26. c4 e5 27. Nb5 Bxb5 28.
cxb5 e4 29. Bxg7 Kxg7 30. Nc4 Nd7 31. Rd1 Nf6 32. Qa6 Re6 33. Qa1 Ne5 34. Nxe5
Rxe5 35. Rc1 Rc5 36. Rc4 Rxc4 37. bxc4 Kf7 38. Qa8 Ke6 39. Bf1 Qc5 40. Kg2 g5
41. Be2 Ke5 42. Qb8+ Qd6 43. Qb7 f4 44. Bf1 f3+ 45. Kg1 h5 46. Qg7 g4 47. Qg5+
Ke6 48. Qg6 Qe5 49. Qh6 Kd6 50. Qe3 Kc7 51. h4 Nd7 52. Qh6 Nf6 53. Qe3 Ne8 54.
Qh6 Nd6 55. Qh7+ Kd8 56. Qh6 Ke7 57. Qh7+ Nf7 58. c5 e3 59. Bc4 exf2+ 60. Kh2
f1=N+ 61. Bxf1 Qxc5 62. Qe4+ Ne5 63. Qe1 Qd4 64. Kh1 Kd6 65. Kh2 Kd5 66. Kh1
Nd3 67. Qe8 Ne5 68. Qa8+ Kd6 69. Qf8+ Kd7 70. Qg7+ Ke6 71. Qg8+ Nf7 72. Qg6+
Ke7 73. Qc6 Ne5 74. Qc2 Nd7 75. Qh7+ Ke6 76. Qg6+ Nf6 77. Qc2 Qc5 78. Qa2+ Ke5
79. Qd2 Ne4 80. Qf4+ Kd4 81. Kh2 Qc2+ 82. Kg1 Qf2+ 0-1

[Event "Superettan(Lulea-Rockaden, StockholmII)"]
[Site "?"]
[Date "2023.03.10"]
[Round "7"]
[White "Eriksson, Dan"]
[Black "Liden, Tommy"]
[Result "1-0"]
[WhiteElo "2243"]
[BlackElo "2056"]
[PlyCount "51"]
[SourceVersionDate "2023.03.27"]

1. e4 c5 2. c3 d5 3. exd5 Qxd5 4. d4 g6 5. dxc5 Qxc5 6. Be3 Qa5 7. Nf3 Bg7 8.
Bc4 Nh6 9. O-O O-O 10. Re1 Nf5 11. Bf4 Nc6 12. Qe2 Re8 13. a4 e6 14. Nbd2 h6
15. g4 Nfe7 16. Nb3 Qd8 17. Rad1 Qb6 18. Rd6 Qc7 19. Qd2 e5 20. Bxh6 Bxg4 21.
Bxg7 Kxg7 22. Ng5 Nd8 23. Re4 Bf5 24. Rh4 Nec6 25. Nh7 f6 26. Qh6+ 1-0

[Event "Superettan(Orebro-SS 4 Springare)"]
[Site "?"]
[Date "2023.03.10"]
[Round "7"]
[White "Mattsson, Michael"]
[Black "Ivraeus, Love"]
[Result "1-0"]
[WhiteElo "2025"]
[BlackElo "2053"]
[PlyCount "67"]
[SourceVersionDate "2023.03.28"]

1. e4 c6 2. d4 d5 3. Nc3 dxe4 4. Nxe4 Nf6 5. Nxf6+ exf6 6. c3 Bd6 7. Bd3 O-O 8.
Qc2 h6 9. Be3 Be6 10. Nf3 Qc7 11. c4 c5 12. d5 Bg4 13. h3 Bxf3 14. gxf3 Bf4 15.
O-O-O Re8 16. Qd2 Bxe3 17. fxe3 Nd7 18. f4 b5 19. cxb5 c4 20. Bf5 Rad8 21. Bxd7
Rxd7 22. Qd4 Qa5 23. Rhg1 Kh7 24. e4 Qxa2 25. e5 c3 26. bxc3 Rc8 27. Rd2 Qb3
28. Rg3 fxe5 29. fxe5 Rdc7 30. Qd3+ Kh8 31. Rc2 Rc4 32. d6 Qxb5 33. Rg4 Rxg4
34. Qxb5 1-0

[Event "Superettan(Lulea-Rockaden, StockholmII)"]
[Site "?"]
[Date "2023.03.10"]
[Round "7"]
[White "Hart, Alexander"]
[Black "Crevatin, Leo"]
[Result "0-1"]
[WhiteElo "1985"]
[BlackElo "2313"]
[PlyCount "84"]
[SourceVersionDate "2023.03.27"]

1. d4 Nf6 2. c4 e6 3. Nc3 Bb4 4. a3 Bxc3+ 5. bxc3 c5 6. e3 d6 7. f3 Nc6 8. Bd3
e5 9. Ne2 b6 10. d5 Na5 11. Ng3 O-O 12. Rb1 Ba6 13. Qe2 e4 14. fxe4 Nd7 15. Qh5
Ne5 16. Be2 Qf6 17. Qf5 Qg6 18. O-O Bxc4 19. Bxc4 Naxc4 20. a4 Rfe8 21. Qh3 Qg4
22. Qxg4 Nxg4 23. e5 Ngxe3 24. Bxe3 Nxe3 25. exd6 Nxf1 26. Kxf1 Rad8 27. Re1
Rxe1+ 28. Kxe1 c4 29. Ke2 Rxd6 30. Nf5 Rd7 31. Kf3 g6 32. Ne3 f5 33. g4 Kf7 34.
Kf4 Kf6 35. g5+ Kf7 36. h4 Re7 37. h5 Re4+ 38. Kf3 Ke7 39. hxg6 hxg6 40. Ng2
Kd6 41. Nf4 Rxf4+ 42. Kxf4 Kxd5 0-1

[Event "Superettan(Orebro-SS 4 Springare)"]
[Site "?"]
[Date "2023.03.10"]
[Round "7"]
[White "Jonsson, Krister"]
[Black "Poley, Maksim"]
[Result "1-0"]
[WhiteElo "2011"]
[BlackElo "1404"]
[PlyCount "77"]
[SourceVersionDate "2023.03.28"]

1. d4 Nf6 2. c4 g6 3. Nc3 Bg7 4. e4 d6 5. Be2 O-O 6. Bg5 e5 7. dxe5 dxe5 8.
Qxd8 Rxd8 9. Nd5 Nbd7 10. Nxc7 Rb8 11. O-O-O h6 12. Bxf6 Bxf6 13. Nf3 Nc5 14.
Nd5 Kg7 15. Nxf6 Rxd1+ 16. Rxd1 Kxf6 17. Nd2 Be6 18. f3 Rc8 19. Kb1 Na6 20. b3
Nb4 21. Nf1 Nc6 22. Ne3 Nd4 23. Bf1 g5 24. Nc2 Nc6 25. Kb2 g4 26. Be2 gxf3 27.
Bxf3 Rg8 28. Kc3 h5 29. b4 h4 30. a4 Rc8 31. Be2 h3 32. g3 a6 33. b5 axb5 34.
axb5 Na5 35. Ne3 Kg5 36. Kb4 b6 37. Nd5 Bg4 38. Nxb6 Bxe2 39. Nxc8 1-0

[Event "Superettan(Lulea-Rockaden, StockholmII)"]
[Site "?"]
[Date "2023.03.10"]
[Round "7"]
[White "Bryntze, Stefan"]
[Black "Kashwan, Hassan"]
[Result "1-0"]
[WhiteElo "2226"]
[BlackElo "1934"]
[PlyCount "117"]
[SourceVersionDate "2023.03.27"]

1. f4 d5 2. e3 g6 3. Nf3 Bg7 4. d4 Nf6 5. Bd3 O-O 6. O-O c5 7. c3 Qc7 8. Qe2 e6
9. Bd2 b6 10. Be1 Bb7 11. Nbd2 Nbd7 12. Bh4 Ne4 13. Rac1 Rac8 14. Ng5 Ndf6 15.
Bg3 Nxg3 16. hxg3 h6 17. Ngf3 Ne4 18. Bxe4 dxe4 19. Ne5 Kh7 20. Qg4 Qe7 21. Kf2
h5 22. Rh1 Kg8 23. Qh3 Bxe5 24. dxe5 f5 25. exf6 Rxf6 26. Kg1 c4 27. g4 Rc5 28.
b4 cxb3 29. Nxb3 Rd5 30. c4 Rd3 31. gxh5 g5 32. fxg5 Rf5 33. Nd4 Rxd4 34. exd4
Qxg5 35. Re1 Kh7 36. Qh4 Qg7 37. Rxe4 Bxe4 38. Qxe4 Kh8 39. Rh4 Qf6 40. Rg4
Rf1+ 41. Kh2 Qf7 42. Qe5+ Kh7 43. h6 Qf6 44. Rg7+ Kxh6 45. Qxf6+ Rxf6 46. Rxa7
Rf4 47. Re7 Re4 48. d5 exd5 49. Rxe4 dxe4 50. Kg3 Kg5 51. Kf2 Kf4 52. g3+ Kg4
53. Ke3 Kxg3 54. Kxe4 Kf2 55. Kd5 Ke3 56. Kc6 Kd4 57. Kb5 Kc3 58. a4 Kb3 59.
Kxb6 1-0

[Event "Superettan(Orebro-SS 4 Springare)"]
[Site "?"]
[Date "2023.03.10"]
[Round "7"]
[White "Religa, Marek"]
[Black "Blomstrom, Lars"]
[Result "1/2-1/2"]
[WhiteElo "1797"]
[BlackElo "2085"]
[PlyCount "73"]
[SourceVersionDate "2023.03.28"]

1. e4 e5 2. Nf3 Nc6 3. Bc4 Bc5 4. O-O Nf6 5. d4 Bxd4 6. Nxd4 Nxd4 7. Bg5 d6 8.
f4 Be6 9. Na3 Qe7 10. f5 Bxc4 11. Nxc4 d5 12. Nxe5 Qxe5 13. Bf4 Qe7 14. Qxd4
dxe4 15. Bg5 O-O 16. Bxf6 Qxf6 17. Qxf6 gxf6 18. Kf2 Rfd8 19. Rad1 Kf8 20. Ke3
Ke7 21. Rxd8 Rxd8 22. Rf4 Rg8 23. Rxe4+ Kd7 24. g4 Rg5 25. Kf3 h5 26. h3 hxg4+
27. hxg4 Rg8 28. Rd4+ Kc6 29. Re4 Kd7 30. Re1 Rh8 31. Kg3 a5 32. a4 b6 33. Rd1+
Kc6 34. Re1 Kd6 35. Rd1+ Kc6 36. Re1 Kd6 37. Rd1+ 1/2-1/2

[Event "Superettan(Lulea-Rockaden, StockholmII)"]
[Site "?"]
[Date "2023.03.10"]
[Round "7"]
[White "Harlin, Jacob"]
[Black "Nikolic, Vladan"]
[Result "0-1"]
[WhiteElo "1776"]
[BlackElo "2188"]
[PlyCount "120"]
[SourceVersionDate "2023.03.27"]

1. e4 e5 2. Nf3 Nc6 3. d4 exd4 4. Bc4 Nf6 5. e5 Ne4 6. Qe2 Nc5 7. O-O Be7 8.
Rd1 Ne6 9. c3 d5 10. exd6 cxd6 11. cxd4 d5 12. Bb3 Nc7 13. Bf4 Be6 14. Nc3 Rc8
15. Nb5 Nxb5 16. Qxb5 Qd7 17. Ng5 a6 18. Qd3 Bf5 19. Qg3 O-O 20. Rac1 Rfe8 21.
Nf3 Na5 22. Ne5 Qe6 23. Bd2 Nxb3 24. Qxb3 b5 25. a3 Bd6 26. Nf3 Rc4 27. Rxc4
dxc4 28. Qe3 Qc8 29. Qc3 Rd8 30. Be3 Bg4 31. Bd2 Qf5 32. Re1 Bxf3 33. Qxf3 Qxf3
34. gxf3 Kf8 35. Kg2 Re8 36. Rxe8+ Kxe8 37. f4 f5 38. Kf3 Kd7 39. Bc3 Ke6 40.
Ke3 Kd5 41. Bb4 Kc6 42. Ba5 Be7 43. Ke2 Bd6 44. Ke3 Bb8 45. Bb4 Ba7 46. Bf8 g6
47. Bg7 Kd5 48. Bf6 Bb6 49. h3 a5 50. Be5 b4 51. axb4 axb4 52. Bf6 b3 53. Kd2
Bxd4 54. Bxd4 Kxd4 55. f3 h6 56. h4 h5 57. Kc1 Ke3 58. Kd1 Kd3 59. Kc1 Ke2 60.
Kb1 Kxf3 0-1

[Event "Superettan(Orebro-SS 4 Springare)"]
[Site "?"]
[Date "2023.03.10"]
[Round "7"]
[White "Skoog, Daniel"]
[Black "Horta, Hector"]
[Result "1-0"]
[WhiteElo "2043"]
[BlackElo "1864"]
[PlyCount "53"]
[SourceVersionDate "2023.03.28"]

1. c4 g6 2. g3 Bg7 3. Bg2 c5 4. Nc3 Nc6 5. Nf3 Nf6 6. d4 cxd4 7. Nxd4 Nxd4 8.
Qxd4 O-O 9. O-O d6 10. Qd3 Rb8 11. Bd2 Bd7 12. Rac1 Bc6 13. e4 Qd7 14. b4 b6
15. Nd5 e6 16. b5 Bb7 17. Nxf6+ Bxf6 18. Bb4 Rfd8 19. Rfd1 Be7 20. Qa3 a5 21.
bxa6 Ra8 22. e5 Rxa6 23. Qb3 Bxg2 24. Kxg2 b5 25. exd6 bxc4 26. dxe7 Qc6+ 27.
Qf3 1-0

[Event "Superettan(Vasteras II-Kamraterna)"]
[Site "?"]
[Date "2023.03.10"]
[Round "7"]
[White "Hamark, Jesper"]
[Black "Nordebrink, Johan"]
[Result "1-0"]
[WhiteElo "2344"]
[BlackElo "2090"]
[PlyCount "45"]
[SourceVersionDate "2023.03.27"]

1. c4 e5 2. Nc3 Bb4 3. Qb3 Nc6 4. Nf3 Nf6 5. Nxe5 Nd4 6. Qd1 Qe7 7. Nd3 Ba5 8.
e3 O-O 9. b4 Bxb4 10. Nxb4 Qxb4 11. exd4 Re8+ 12. Be2 Qxc4 13. O-O Qxd4 14. Bf3
d5 15. Bb2 Qd3 16. Qb3 Qxd2 17. Nxd5 Nxd5 18. Bxd5 Qf4 19. g3 Qf5 20. Rfe1 Be6
21. Bxe6 fxe6 22. Re5 Qf7 23. Rae1 1-0

[Event "Superettan(Upsala-Orgryte)"]
[Site "?"]
[Date "2023.03.10"]
[Round "7"]
[White "Abdrlauf, Elham"]
[Black "Johansson, Jan"]
[Result "1-0"]
[WhiteElo "2518"]
[BlackElo "2289"]
[PlyCount "57"]
[SourceVersionDate "2023.03.28"]

1. e4 d6 2. d4 Nf6 3. Nc3 e5 4. Nf3 Nbd7 5. Bc4 Be7 6. a4 O-O 7. O-O c6 8. Re1
a5 9. h3 exd4 10. Qxd4 Nc5 11. b3 Be6 12. Bb2 Bxc4 13. Qxc4 Qc7 14. Nd4 Rfe8
15. Nf5 Bf8 16. Rad1 Re6 17. Nd4 Ree8 18. Nf5 Re6 19. Re3 Rae8 20. Rde1 g6 21.
Nd4 Re5 22. Nf3 R5e6 23. e5 dxe5 24. Ng5 Bh6 25. Nxe6 Nxe6 26. Rxe5 Bd2 27. Ne4
Nxe4 28. R1xe4 Qd7 29. Rd4 1-0

[Event "Superettan(Vaxjo-Burgsvik)"]
[Site "?"]
[Date "2023.03.10"]
[Round "7"]
[White "Schandorff, Lars"]
[Black "Hillarp, Tiger"]
[Result "1/2-1/2"]
[WhiteElo "2482"]
[BlackElo "2508"]
[PlyCount "58"]
[SourceVersionDate "2023.03.28"]

1. Nf3 c5 2. c4 Nf6 3. Nc3 e6 4. e3 d5 5. d4 a6 6. cxd5 exd5 7. b3 Nc6 8. Bb2
cxd4 9. Nxd4 Bd6 10. Be2 O-O 11. O-O Qe7 12. Rc1 Qe5 13. g3 Nxd4 14. Qxd4 Qxd4
15. exd4 b5 16. Rfe1 Bb7 17. a4 b4 18. Nb1 Rfc8 19. f3 h5 20. Nd2 Bc7 21. Nf1
Bb6 22. Ne3 g6 23. Bf1 Rxc1 24. Rxc1 Rc8 25. Rxc8+ Bxc8 26. Bd3 a5 27. Kf2 Kf8
28. Nc2 Ne8 29. Ke2 Nc7 1/2-1/2

[Event "Superettan(Vasteras II-Kamraterna)"]
[Site "?"]
[Date "2023.03.10"]
[Round "7"]
[White "Adahl, Mattias"]
[Black "Aberg, Anton"]
[Result "0-1"]
[WhiteElo "2109"]
[BlackElo "2318"]
[PlyCount "116"]
[SourceVersionDate "2023.03.27"]

1. e4 c6 2. d4 d5 3. exd5 cxd5 4. Bd3 Nc6 5. c3 Nf6 6. h3 g6 7. Ne2 Bf5 8. Bxf5
gxf5 9. Bg5 Ne4 10. Bf4 e6 11. f3 Nd6 12. Nd2 Bh6 13. Nf1 Rg8 14. Qc1 Qh4+ 15.
g3 Bxf4 16. Qxf4 Qxf4 17. Nxf4 O-O-O 18. Kf2 Nc4 19. b3 Nd6 20. h4 Kb8 21. Ne3
Rc8 22. Rhc1 Rc7 23. Nexd5 exd5 24. Nxd5 Rcc8 25. Rd1 Rgd8 26. a4 Ne8 27. c4
Rxd5 28. cxd5 Nb4 29. Rd2 Nxd5 30. Re1 Nef6 31. Re5 f4 32. g4 Ne3 33. Re7 Rc7
34. Re5 b6 35. Ke2 Nfd5 36. Re8+ Kb7 37. Rh8 f6 38. Rb2 Re7 39. Kd2 Nf1+ 40.
Kd3 Nb4+ 41. Kc4 a5 42. d5 Ne3+ 43. Kd4 Nexd5 44. h5 Nc7 45. Rg2 Nc6+ 46. Kc3
Ne6 47. Re2 Ne5 48. h6 Ng5 49. Rg8 Ngxf3 50. Rg7 Rc7+ 51. Kb2 Nd4 52. Rxe5 fxe5
53. g5 f3 54. g6 f2 55. gxh7 f1=Q 56. Rxc7+ Kxc7 57. h8=Q Qe2+ 58. Ka3 Nc2+ 0-1

[Event "Superettan(Upsala-Orgryte)"]
[Site "?"]
[Date "2023.03.10"]
[Round "7"]
[White "Sirin, Atakan"]
[Black "Frisk Kockum, Anton"]
[Result "0-1"]
[WhiteElo "2332"]
[BlackElo "2331"]
[PlyCount "134"]
[SourceVersionDate "2023.03.28"]

1. d4 e6 2. Nc3 Bb4 3. Qd3 Nf6 4. a3 Bxc3+ 5. Qxc3 b6 6. Bg5 Bb7 7. Qh3 d6 8.
f3 Nbd7 9. e4 c5 10. O-O-O Qc7 11. Bb5 O-O-O 12. Ne2 Kb8 13. Qg3 cxd4 14. Bxd7
Rxd7 15. Rxd4 Rc8 16. Nc3 e5 17. Rd2 Ne8 18. Rhd1 f6 19. Be3 d5 20. exd5 Nd6
21. Bg1 Nc4 22. Nb5 Qd8 23. Rd3 Ba6 24. Nd4 Na5 25. Ne6 Qe7 26. Re3 Bc4 27. f4
Bxd5 28. fxe5 Qxe6 29. exf6+ Qd6 30. Qxd6+ Rxd6 31. Red3 Rdc6 32. Rxd5 Rxc2+
33. Kb1 gxf6 34. R5d2 R2c6 35. Be3 Nc4 36. Bf4+ Ne5 37. Rd7 R8c7 38. R1d6 Rc1+
39. Bxc1 Nxd7 40. Bf4 Kc8 41. Re6 Rc4 42. Re8+ Kb7 43. Re7 Kc6 44. g3 h5 45.
Rh7 Rc5 46. b4 Rd5 47. Kc2 a5 48. Kc3 Kb5 49. h4 axb4+ 50. axb4 Nf8 51. Rf7 Nd7
52. Re7 Nf8 53. Bh6 Nd7 54. Re6 Ne5 55. Rxf6 Ng4 56. Rg6 Nf2 57. Bf4 Rd3+ 58.
Kc2 Ra3 59. Bc7 Ne4 60. Rxb6+ Kc4 61. Rc6+ Kxb4 62. Re6 Ra2+ 63. Kc1 Kc3 64.
Kb1 Re2 65. Ba5+ Kd3 66. Rg6 Rg2 67. Bc7 Nc3+ 0-1

[Event "Superettan(Vaxjo-Burgsvik)"]
[Site "?"]
[Date "2023.03.10"]
[Round "7"]
[White "Solodovnichenko, Yuri"]
[Black "Andersson, Tommy"]
[Result "1-0"]
[WhiteElo "2514"]
[BlackElo "2378"]
[PlyCount "89"]
[SourceVersionDate "2023.03.28"]

1. e4 c5 2. Nf3 d6 3. d4 cxd4 4. Nxd4 Nf6 5. Nc3 a6 6. h3 Nc6 7. g4 Nxd4 8.
Qxd4 e5 9. Qd3 Be7 10. g5 Nd7 11. Be3 O-O 12. h4 b5 13. O-O-O Bb7 14. Nd5 Bxd5
15. exd5 f5 16. gxf6 Rxf6 17. Bg2 Rc8 18. Be4 h6 19. Rhg1 Nc5 20. Bxc5 Rxc5 21.
Kb1 Qf8 22. Qh3 Qf7 23. f3 Rc7 24. Rg4 Bf8 25. Rdg1 Kh8 26. Qf1 Rc4 27. Qe2 Rf4
28. a3 Rf6 29. Qe3 Qc7 30. Qe2 Qf7 31. Qg2 Rc7 32. Qd2 Qe8 33. Rg6 Rxg6 34.
Rxg6 Rf7 35. Re6 Qd8 36. h5 Re7 37. Rg6 Rf7 38. Qc3 Qh4 39. Qc8 Qxh5 40. Rxd6
Qh1+ 41. Ka2 Qh4 42. Rd8 Qf4 43. d6 g5 44. d7 Kg7 45. Re8 1-0

[Event "Superettan(Vasteras II-Kamraterna)"]
[Site "?"]
[Date "2023.03.10"]
[Round "7"]
[White "Svenn, Gosta"]
[Black "Gillefalk, Bjorn"]
[Result "1-0"]
[WhiteElo "2083"]
[BlackElo "2269"]
[PlyCount "95"]
[SourceVersionDate "2023.03.27"]

1. d4 d5 2. c4 e6 3. Nf3 Nf6 4. g3 Bb4+ 5. Bd2 Be7 6. Bg2 O-O 7. O-O c6 8. Qc2
Nbd7 9. Nc3 b6 10. Rfd1 Ba6 11. cxd5 cxd5 12. Rac1 Rc8 13. Qa4 Bc4 14. Bf4 b5
15. Nxb5 Nb6 16. Qa5 Bxe2 17. Nxa7 Rc4 18. Nc6 Rxc6 19. Rxc6 Bxd1 20. Qxb6 Qxb6
21. Rxb6 Ne4 22. Ne5 g5 23. Nc6 Bf6 24. Be3 Ra8 25. Rb8+ Rxb8 26. Nxb8 Nd6 27.
Nc6 Nf5 28. b3 h6 29. Bf1 Nd6 30. Bd3 Kf8 31. Kf1 Ke8 32. Ke1 Bg4 33. Kd2 Bg7
34. Ne5 Bh3 35. a4 f6 36. Nc6 Kd7 37. Nb4 Bf8 38. Kc3 Nf5 39. Bxf5 Bxf5 40. Nd3
Kd6 41. f4 Bg7 42. b4 e5 43. dxe5+ fxe5 44. Bc5+ Ke6 45. fxe5 Bxe5+ 46. Bd4 Bc7
47. a5 Kd7 48. a6 1-0

[Event "Superettan(Upsala-Orgryte)"]
[Site "?"]
[Date "2023.03.10"]
[Round "7"]
[White "Torngren, Gustav"]
[Black "Johansson, Thomas"]
[Result "1-0"]
[WhiteElo "2257"]
[BlackElo "2194"]
[PlyCount "65"]
[SourceVersionDate "2023.03.28"]

1. d4 Nf6 2. c4 g6 3. Nc3 Bg7 4. e4 d6 5. h3 e5 6. dxe5 dxe5 7. Qxd8+ Kxd8 8.
Bg5 Ke8 9. Nf3 Nfd7 10. O-O-O c6 11. c5 f6 12. Be3 Bf8 13. Na4 b5 14. cxb6 axb6
15. Nxb6 Nxb6 16. Bxb6 Nd7 17. Be3 Rxa2 18. Bc4 Ra1+ 19. Kc2 Rxd1 20. Rxd1 Nc5
21. Nd2 Bd6 22. Nb3 Nb7 23. Ba6 Ke7 24. Ra1 Kd7 25. Bb6 Re8 26. Bc4 Re7 27. Ra8
Bc7 28. Be3 Bd6 29. Ba6 Kc7 30. Na5 Nxa5 31. Rxc8+ Kd7 32. Bb6 Bb4 33. Rd8+ 1-0

[Event "Superettan(Vaxjo-Burgsvik)"]
[Site "?"]
[Date "2023.03.10"]
[Round "7"]
[White "Haitin, Ilja"]
[Black "Lindberg, Bengt"]
[Result "0-1"]
[WhiteElo "2337"]
[BlackElo "2351"]
[PlyCount "78"]
[SourceVersionDate "2023.03.28"]

1. Nf3 Nf6 2. b3 d5 3. e3 Bg4 4. Bb2 e6 5. h3 Bxf3 6. Qxf3 Nbd7 7. d3 Bd6 8.
Nd2 c6 9. g4 h6 10. Bg2 Qe7 11. a3 e5 12. e4 d4 13. Nc4 Bc7 14. a4 b5 15. Nd2
Nc5 16. axb5 cxb5 17. O-O Nfd7 18. c3 dxc3 19. Bxc3 Ne6 20. Rfc1 O-O 21. Nf1 b4
22. Bb2 Ndc5 23. Ne3 Nxb3 24. Nd5 Qd8 25. d4 Nxa1 26. Bxa1 exd4 27. e5 Bxe5 28.
Nxb4 Qg5 29. Nd3 Rac8 30. Re1 Bf6 31. Bb2 Qb5 32. Bf1 Rfe8 33. Ra1 Qb8 34. Ra5
Qb6 35. Rf5 Ng5 36. Qd5 Qc6 37. Qxc6 Rxc6 38. Nf4 Nf3+ 39. Kh1 Re1 0-1

[Event "Superettan(Vasteras II-Kamraterna)"]
[Site "?"]
[Date "2023.03.10"]
[Round "7"]
[White "Kimari, Patrick"]
[Black "Andreasson, Ingvar"]
[Result "1-0"]
[WhiteElo "2081"]
[BlackElo "2327"]
[PlyCount "67"]
[SourceVersionDate "2023.03.27"]

1. e4 c5 2. Nf3 e6 3. d4 cxd4 4. Nxd4 a6 5. Bd3 Ne7 6. O-O Nec6 7. Nb3 d6 8.
Be3 Be7 9. N1d2 Nd7 10. f4 O-O 11. c3 g6 12. Bc2 Qc7 13. Nd4 Re8 14. N2f3 Bf8
15. Qe1 Na5 16. Ng5 Nc4 17. Qh4 h6 18. f5 Nxe3 19. fxg6 f5 20. Ngxe6 Rxe6 21.
Nxe6 Qb6 22. Bb3 d5 23. exd5 Nxf1+ 24. Kxf1 Qd6 25. Re1 a5 26. g7 Bxg7 27. Nxg7
a4 28. Nxf5 Qf6 29. Qg4+ Kf8 30. Bc2 Ne5 31. Qb4+ Kg8 32. Kg1 Bxf5 33. Rf1 Qg5
34. Bxf5 1-0

[Event "Superettan(Upsala-Orgryte)"]
[Site "?"]
[Date "2023.03.10"]
[Round "7"]
[White "Burwick, Malte"]
[Black "Vitenberg, Noam Aviv"]
[Result "0-1"]
[WhiteElo "2207"]
[BlackElo "2308"]
[PlyCount "118"]
[SourceVersionDate "2023.03.28"]

1. Nf3 d5 2. g3 g6 3. Bg2 Bg7 4. O-O e5 5. d3 Ne7 6. e4 O-O 7. Nc3 dxe4 8. dxe4
Nbc6 9. Bg5 h6 10. Be3 Nd4 11. Nd2 Be6 12. Na4 b6 13. c3 Ndc6 14. Qe2 Qe8 15.
b3 a5 16. Rfd1 Bc8 17. Nf1 Kh7 18. Bc1 Ba6 19. Qc2 Bc8 20. Qe2 Rb8 21. Ne3 Rh8
22. h4 h5 23. Kh2 Bf8 24. Nb2 Bg7 25. a4 Be6 26. Nbc4 Qc8 27. Qc2 b5 28. axb5
Rxb5 29. Ba3 Re8 30. Bf1 Rb8 31. Rdb1 Ra8 32. Nd2 Bh6 33. Re1 Qb7 34. Bc4 Ng8
35. Nf3 Bxc4 36. Nxc4 Rab8 37. Rab1 Red8 38. Ng5+ Bxg5 39. hxg5 Qb5 40. Qe2 Rd7
41. Kg2 Nd8 42. Rh1 Kg7 43. Rxh5 gxh5 44. Rh1 Qb7 45. Rh4 c5 46. Bxc5 Qc7 47.
Qxh5 Qxc5 48. Qh8+ Kf8 49. Rh7 Qc6 50. Qg7+ Ke7 51. f3 Rxb3 52. Nxe5 Rd2+ 53.
Kh3 Qe6+ 54. g4 Kd6 55. Qxg8 Kxe5 56. Rh6 Qe7 57. Kg3 Ne6 58. Qh8+ Kd6 59. g6
Qg5 0-1

[Event "Superettan(Vaxjo-Burgsvik)"]
[Site "?"]
[Date "2023.03.10"]
[Round "7"]
[White "Golubka, Petro"]
[Black "Persson, Mats"]
[Result "1/2-1/2"]
[WhiteElo "2374"]
[BlackElo "2323"]
[PlyCount "129"]
[SourceVersionDate "2023.03.28"]

1. g3 d5 2. Bg2 c6 3. Nf3 Bg4 4. h3 Bxf3 5. Bxf3 Nf6 6. d4 Nbd7 7. O-O e5 8.
Bg2 exd4 9. Qxd4 Bc5 10. Qf4 O-O 11. c4 Nb6 12. cxd5 Nfxd5 13. Qf3 a5 14. Nc3
Nxc3 15. Qxc3 Bd4 16. Qc2 Qe7 17. e3 Qc5 18. Qxc5 Bxc5 19. b3 a4 20. Bb2 axb3
21. axb3 Rxa1 22. Rxa1 Ra8 23. Rxa8+ Nxa8 24. Kf1 f6 25. Ke2 Kf7 26. g4 Nb6 27.
h4 Nd7 28. Be4 g6 29. f4 Bd6 30. Kf3 Bb4 31. Bc2 Nb6 32. f5 gxf5 33. Bxf5 h6
34. e4 Bd6 35. Bd4 Bc7 36. Be3 Kg7 37. Be6 Kg6 38. Bc5 Kg7 39. h5 Bd8 40. Bd6
Na8 41. Bc8 b6 42. Bb7 Nc7 43. Bxc6 Ne6 44. Bd5 Bc7 45. Bxc7 Nxc7 46. Kf4 Nb5
47. e5 Nc3 48. Bc4 b5 49. Bd3 fxe5+ 50. Kxe5 b4 51. Bc2 Na2 52. Kf5 Nc3 53. Ke5
Na2 54. Kf5 Nc3 55. g5 hxg5 56. Kxg5 Na2 57. h6+ Kh8 58. Kf4 Nc1 59. Kg5 Kg8
60. Kf4 Kh8 61. Ke3 Nxb3 62. Bxb3 Kh7 63. Kd4 Kxh6 64. Kc5 Kg5 65. Kxb4 1/2-1/2

[Event "Superettan(Vasteras II-Kamraterna)"]
[Site "?"]
[Date "2023.03.10"]
[Round "7"]
[White "Svenn, Matti"]
[Black "Gajic, Zoran"]
[Result "1-0"]
[WhiteElo "2170"]
[BlackElo "1939"]
[PlyCount "137"]
[SourceVersionDate "2023.03.27"]

1. e4 c5 2. Nf3 Nc6 3. d4 cxd4 4. Nxd4 e5 5. Nb5 a6 6. Nd6+ Bxd6 7. Qxd6 Qf6 8.
Qxf6 Nxf6 9. Bd3 d5 10. Nc3 Be6 11. Bg5 Nxe4 12. Nxe4 dxe4 13. Bxe4 Rc8 14. c3
O-O 15. O-O b5 16. a4 Bc4 17. Rfe1 f6 18. Be3 f5 19. Bc2 Be6 20. axb5 axb5 21.
Ra6 Rf6 22. Rd1 Nb4 23. Rxe6 Nxc2 24. Rxe5 Nxe3 25. Rxe3 b4 26. f4 bxc3 27.
Rxc3 Rxc3 28. bxc3 Rc6 29. Rd3 Ra6 30. Kf2 Ra2+ 31. Kf3 Rc2 32. h3 h5 33. g3 h4
34. gxh4 Rh2 35. Ke3 Rxh3+ 36. Kd4 Rxh4 37. Ke5 Rh1 38. Kxf5 Rh5+ 39. Ke6 Rc5
40. Kd6 Rc8 41. Kd5 Kf7 42. c4 Rd8+ 43. Ke4 Re8+ 44. Kd4 Rd8+ 45. Kc3 Rc8 46.
Rd5 Ke6 47. Kd4 Rf8 48. Ke4 Rc8 49. c5 Rc6 50. Rg5 Rc7 51. Re5+ Kf6 52. Kd5
Rd7+ 53. Kc4 Rc7 54. Kb5 Rb7+ 55. Ka6 Rb4 56. c6 Rxf4 57. Rc5 Ra4+ 58. Kb5 Ra8
59. c7 g5 60. c8=Q Rxc8 61. Rxc8 Ke5 62. Kc4 Ke4 63. Rg8 Kf4 64. Kd3 g4 65. Ke2
Kg3 66. Kf1 Kh2 67. Rh8+ Kg3 68. Kg1 Kf3 69. Ra8 1-0

[Event "Superettan(Upsala-Orgryte)"]
[Site "?"]
[Date "2023.03.10"]
[Round "7"]
[White "Kumar, Rahul"]
[Black "Wagner, Stephan"]
[Result "1/2-1/2"]
[WhiteElo "2212"]
[BlackElo "2254"]
[PlyCount "76"]
[SourceVersionDate "2023.03.28"]

1. d4 Nf6 2. Nf3 e6 3. Bg5 b6 4. Nbd2 Bb7 5. e3 h6 6. Bh4 g5 7. Bg3 d6 8. h3
Nbd7 9. c3 Ne4 10. Nxe4 Bxe4 11. Ba6 Bg7 12. a4 f5 13. Nd2 Bxg2 14. Rg1 Bc6 15.
Qh5+ Kf8 16. b4 Rb8 17. Bc4 Qe7 18. b5 Nf6 19. Qe2 Bb7 20. a5 e5 21. f3 f4 22.
exf4 exd4 23. Qxe7+ Kxe7 24. fxg5 hxg5 25. cxd4 Rxh3 26. Bf2 Kf8 27. axb6 axb6
28. Ra7 Re8+ 29. Kf1 Bxf3 30. Rxc7 d5 31. Rxg5 dxc4 32. Rgxg7 Rh1+ 33. Bg1 Bd5
34. Rg6 Ne4 35. Nxe4 Rxe4 36. Rxb6 Rf4+ 37. Ke2 Re4+ 38. Kf2 Rf4+ 1/2-1/2

[Event "Superettan(Vaxjo-Burgsvik)"]
[Site "?"]
[Date "2023.03.10"]
[Round "7"]
[White "Tuvesson, Mats"]
[Black "Rydstrom, Tom"]
[Result "0-1"]
[WhiteElo "2037"]
[BlackElo "2306"]
[PlyCount "120"]
[SourceVersionDate "2023.03.28"]

1. e4 e5 2. Nf3 Nc6 3. Bb5 a6 4. Ba4 Nf6 5. O-O b5 6. Bb3 Bc5 7. c3 d6 8. d4
Bb6 9. h3 O-O 10. Re1 Re8 11. Ng5 Rf8 12. Nf3 h6 13. a4 Rb8 14. axb5 axb5 15.
d5 Ne7 16. Be3 Ng6 17. Bxb6 Rxb6 18. Nbd2 Nf4 19. Kh2 Bd7 20. Nf1 Nh7 21. Ng1
f5 22. Ng3 fxe4 23. Nxe4 Nf6 24. Qd2 Nxe4 25. Rxe4 Qg5 26. f3 Nxh3 27. Qxg5
Nxg5 28. Re2 Rb7 29. Bc2 h5 30. b4 Rf4 31. Be4 Kf7 32. Ra8 h4 33. Re3 Ke7 34.
Rg8 Kf7 35. Rh8 Ra7 36. Ne2 Nxe4 37. Nxf4 Ng3 38. Re1 exf4 39. Rxh4 Nf5 40.
Rxf4 Ra2 41. Kg1 g5 42. Rfe4 Kf6 43. f4 g4 44. c4 bxc4 45. Rxc4 Nh4 46. Rxc7
Rxg2+ 47. Kh1 g3 48. Re3 Bg4 49. Rcc3 Rd2 50. Rxg3 Bf5 51. Rge3 Rxd5 52. Kh2
Ng6 53. Kg3 Ne7 54. Rc7 Be6 55. Re1 Nf5+ 56. Kf2 Rd4 57. Rb1 Rd2+ 58. Ke1 Rh2
59. Rcc1 Nd4 60. b5 Nf3+ 0-1

[Event "Superettan(Vasteras II-Kamraterna)"]
[Site "?"]
[Date "2023.03.10"]
[Round "7"]
[White "Carlsson, Andreas"]
[Black "Svensson, Bengt"]
[Result "1/2-1/2"]
[WhiteElo "1911"]
[BlackElo "2317"]
[PlyCount "51"]
[SourceVersionDate "2023.03.27"]

1. e4 c5 2. Nf3 d6 3. d4 cxd4 4. Nxd4 Nf6 5. Nc3 a6 6. Be3 e6 7. g4 h6 8. Be2
Be7 9. Qd2 Nc6 10. O-O-O Nxd4 11. Bxd4 e5 12. Be3 Nxg4 13. Bxg4 Bxg4 14. Nd5
Bxd1 15. Rxd1 Bg5 16. Rg1 Rc8 17. h4 Bxe3 18. Qxe3 Qxh4 19. Rxg7 Kf8 20. Rg3
Rg8 21. Rh3 Qg5 22. Rxh6 Qxe3+ 23. Nxe3 Rg6 24. Rh8+ Rg8 25. Rh6 Rg6 26. Rh8+
1/2-1/2